000 00930nam a2200229Ii 4500
003 JO-AjNU
008 230605s9999||||xx |||||||||||||| ||und||
017 _a2005/4461
020 _a99901-06-41-X
040 _aJO-AjNU
_bara
_erda
_cJO-AjNU
041 _aara
050 1 4 _aK17085.4.D4282.2006
100 3 _aدياب، صلاح محمد أحمد,
_eauthor
_953141
245 0 0 _aالوسيط في شرح أحكام قانون العمل والتأمينات الاجتماعية
250 _aط1
264 3 1 _aالبحرين : جامعة البحرين ، 2005
300 _a543ص
_bيشتمل على ببلوغرافية ص (527 -534 )
336 _atext
_btxt
_2rdacontent
337 _aunmediated
_bn
_2rdamedia
338 _avolume
_bnc
_2rdacarrier
650 4 _aالعمل والعمال -- قوانين وتشريعات -- مصر-- التأمين الاجتماعي -- قوانين وتشريعات -- مصر
_953142
999 _aA23583
_c27151
_d27151